Inovačná výkonnosť domácich a zahraničných priemyselných podnikov

Gespeichert in:
Bibliographische Detailangaben
1. Verfasser: Kubíková, Zuzana
Format: Buchkapitel
Sprache:Slowakisch
Tags: Tag hinzufügen
Keine Tags, Fügen Sie das erste Tag hinzu!

MARC

LEADER 00000nla a2200000 4500
001 0227026
005 20240502073736.7
041 0 |a slo 
044 |a SK 
245 1 0 |a Inovačná výkonnosť domácich a zahraničných priemyselných podnikov  |c Zuzana Kubíková 
500 |a Abstrakt 
100 1 |a Kubíková, Zuzana